[Event "Calimanesti ROM, Ch U10 (b) 2014"]
[Site "Calimanesti ROM"]
[Date "2014.04.06"]
[Round "1.18"]
[White "Lazar, Vladimir"]
[Black "Tablan, Matei-Christian"]
[Result "0-1"]
[WhiteElo "1110"]
[BlackElo "1533"]
[PlyCount "82"]
[EventDate "2014.04.06"]
[EventType "swiss"]
[EventRounds "9"]
[EventCountry "ROM"]

1. e4 e6 2. Nf3 d5 3. exd5 exd5 4. d4 Nc6 5. Bb5 Bd7 6. c4 Bb4+ 7. Bd2 Bxd2+ 8.
Qxd2 Qe7+ 9. Qe3 Qxe3+ 10. fxe3 Nb4 11. Na3 c6 12. Ba4 dxc4 13. O-O b5 14. Bd1
f6 15. b3 c3 16. Bc2 Ne7 17. e4 O-O 18. Nh4 Rad8 19. Kf2 f5 20. Ke3 fxe4 21.
Rxf8+ Rxf8 22. Bxe4 Ned5+ 23. Bxd5+ Nxd5+ 24. Kd3 Re8 25. Nc2 Bg4 26. Re1 Be2+
27. Rxe2 Nf4+ 28. Kxc3 Rxe2 29. g3 Nd5+ 30. Kd3 Rxh2 31. Ke4 Rxc2 32. a4 bxa4
33. bxa4 Nc3+ 34. Kd3 Rc1 35. Nf5 Nxa4 36. Ne7+ Kf7 37. Nc8 Ra1 38. Kc2 Nb6 39.
Kb2 Nxc8 40. Kxa1 Kf6 41. Kb2 Kg5 0-1